00551 a2200205 4500260001000000630005400010650002300064100001600087700002100103260001000124245007400134300000900208650003500217650003800252260000900290300001000299100000700309037001100316020001800327 aParis a57 -Biologie - Sciences biologique en général a5 - SCIENCES PURES aBouvier, J. aBras-Herreng, F. bDunod aL'ADde la cellule aux manipulations in vitro, 26 exercices corrigés a222p aADN : structure : manipulation aBiologie moléculaire : exercice c1992 b25 cm lFr aS 4483 a2-10-000369-0